[Event "Titled Tuesday intern op 27th Jun Early"]
[Site "Chess.com INT"]
[Date "2023.06.27"]
[Round "1"]
[White "Dahlgren, James Allen"]
[Black "Ballecer, Dino"]
[Result "0-1"]
[WhiteElo "1820"]
[BlackElo "2392"]
[PlyCount "122"]
[EventDate "2023.06.27"]
[EventType "swiss (blitz)"]
[EventRounds "11"]
[EventCountry "USA"]
[SourceTitle "EXT 2024"]
[Source "ChessBase"]
[SourceDate "2023.10.10"]
[SourceVersion "1"]
[SourceVersionDate "2023.10.10"]
[SourceQuality "1"]

1. d3 g6 2. f4 Bg7 3. Nf3 d5 4. g3 Nc6 5. Bg2 e5 6. 0-0 Nge7 7. Nc3 0-0 8. e4 dxe4 9. dxe4 Bg4 10. Be3 exf4 11. gxf4 h6 12. h3 Bh5 13. Qe1 Bxf3 14. Bxf3 Nd4 15. Rf2 Nec6 16. Rd1 Qh4 17. Bg2 Rad8 18. Nd5 Ne6 19. c3 Rc8 20. f5 Ng5 21. f6 Bh8 22. Rf4 Qxe1+ 23. Rxe1 Rfe8 24. Bd4 Nxd4 25. cxd4 Ne6 26. Rf2 Rcd8 27. e5 Nxd4 28. Ne7+ Kf8 29. Bxb7 Rxe7 30. fxe7+ Kxe7 31. Kg2 Ne6 32. Ref1 Rf8 33. Re1 Nc5 34. Be4 Nd7 35. Bd3 Nxe5 36. Rfe2 Kd6 37. Be4 f5 38. Bf3 g5 39. Rd1+ Ke7 40. Rde1 Kd6 41. Rd1+ Ke6 42. Bd5+ Kf6 43. Rde1 Re8 44. b4 Re7 45. a4 Bg7 46. a5 Bf8 47. b5 Re8 48. Bb3 Bd6 49. Ba4 Rb8 50. Rd1 f4 51. Red2 h5 52. Rxd6+ cxd6 53. Rxd6+ Ke7 54. Ra6 Rb7 55. b6 axb6 56. axb6 Kd6 57. Ra7 Rxb6 58. Rh7 Rb2+ 59. Kf1 h4 60. Rg7 Nf3 61. Rxg5 Nxg5 0-1

[Event "Titled Tuesday intern op 16th May Early"]
[Site "Chess.com INT"]
[Date "2023.05.16"]
[Round "3"]
[White "Hayrapetyan, Hovik"]
[Black "Ballecer, Dino"]
[Result "1-0"]
[WhiteElo "2442"]
[BlackElo "2392"]
[PlyCount "59"]
[EventDate "2023.05.16"]
[EventType "swiss (blitz)"]
[EventRounds "11"]
[EventCountry "USA"]
[SourceTitle "CBM 214 Extra"]
[Source "ChessBase"]
[SourceDate "2023.07.31"]
[SourceVersion "1"]
[SourceVersionDate "2023.07.31"]
[SourceQuality "1"]

1. d4 Nf6 2. c4 c5 3. d5 e6 4. Nc3 exd5 5. cxd5 d6 6. e4 g6 7. f4 Bg7 8. Bb5+ Nbd7 9. e5 dxe5 10. fxe5 Nh5 11. e6 Qh4+ 12. g3 Nxg3 13. hxg3 Qxh1 14. Be3 Bxc3+ 15. bxc3 Qe4 16. Qf3 Qxf3 17. Nxf3 fxe6 18. dxe6 Ke7 19. exd7 Bxd7 20. Bxc5+ Ke8 21. Bc4 Rc8 22. Bd4 Rf8 23. Ne5 Rf5 24. Bd3 Rh5 25. 0-0-0 Be6 26. Nxg6 hxg6 27. Bxg6+ Bf7 28. Re1+ Kf8 29. Rf1 Rh1 30. Rxh1 1-0

[Event "Titled Tuesday intern op 16th May Early"]
[Site "Chess.com INT"]
[Date "2023.05.16"]
[Round "10"]
[White "Mirzoev, Azer"]
[Black "Ballecer, Dino"]
[Result "1-0"]
[WhiteElo "2416"]
[BlackElo "2392"]
[PlyCount "57"]
[EventDate "2023.05.16"]
[EventType "swiss (blitz)"]
[EventRounds "11"]
[EventCountry "USA"]
[SourceTitle "CBM 214 Extra"]
[Source "ChessBase"]
[SourceDate "2023.07.31"]
[SourceVersion "1"]
[SourceVersionDate "2023.07.31"]
[SourceQuality "1"]

1. e4 c5 2. Nc3 Nc6 3. g3 g6 4. Bg2 Bg7 5. d3 d6 6. h4 h5 7. Bg5 Qb6 8. Qc1 Bh6 9. Nge2 f6 10. Bxh6 Nxh6 11. Nd5 Qd8 12. 0-0 e6 13. Ndf4 Kf7 14. c3 Qe7 15. d4 Kg7 16. d5 Ne5 17. Nxe6+ Bxe6 18. dxe6 Qxe6 19. Nf4 Qf7 20. Nd5 Rhe8 21. Qd2 Rad8 22. Rad1 f5 23. exf5 Nxf5 24. Rfe1 b6 25. Qg5 Ng4 26. Nf4 Kh7 27. Bc6 Re5 28. Qxd8 Nxh4 29. Qxh4 1-0

[Event "Titled Tuesday intern op 02nd May Early"]
[Site "Chess.com INT"]
[Date "2023.05.02"]
[Round "6"]
[White "Balla, Tamas Kristof"]
[Black "Ballecer, Dino"]
[Result "1-0"]
[WhiteElo "2303"]
[BlackElo "2392"]
[PlyCount "89"]
[EventDate "2023.05.02"]
[EventType "swiss (blitz)"]
[EventRounds "11"]
[EventCountry "USA"]
[SourceTitle "EXT 2024"]
[Source "ChessBase"]
[SourceDate "2023.10.10"]
[SourceVersion "1"]
[SourceVersionDate "2023.10.10"]
[SourceQuality "1"]

1. e4 c5 2. Nf3 d6 3. d4 cxd4 4. Qxd4 Nc6 5. Qe3 Nf6 6. h3 g6 7. Be2 d5 8. e5 d4 9. Qd2 Ne4 10. Qd1 Bg7 11. Bf4 Qb6 12. b3 d3 13. Be3 dxe2 14. Qxe2 Qa5+ 15. Nbd2 Nxd2 16. Bxd2 Qc7 17. 0-0 Nxe5 18. Nxe5 Qxe5 19. Qf3 0-0 20. Rae1 Qb2 21. Rxe7 Qxc2 22. Bb4 a5 23. Bd6 Ra6 24. Rd1 Qc6 25. Qf4 Qc2 26. Rc1 Qf5 27. Qg3 Rc6 28. Rce1 h5 29. Ba3 Be6 30. Rxb7 Bc3 31. Rd1 Be5 32. Qe3 Rfc8 33. Rb5 f6 34. Bb2 Rc2 35. Bxe5 Rxf2 36. Qxf2 Qxf2+ 37. Kxf2 fxe5 38. Rxe5 Bf7 39. Rd2 a4 40. bxa4 Rf8 41. Kg3 Ra8 42. Rd7 Rxa4 43. Ree7 Ra3+ 44. Kh2 Bxa2 45. Re8# 1-0

[Event "Titled Tuesday intern op 02nd May Early"]
[Site "Chess.com INT"]
[Date "2023.05.02"]
[Round "5"]
[White "Ballecer, Dino"]
[Black "Fernandez Garcia, Gumersindo"]
[Result "0-1"]
[WhiteElo "2392"]
[BlackElo "2160"]
[PlyCount "64"]
[EventDate "2023.05.02"]
[EventType "swiss (blitz)"]
[EventRounds "11"]
[EventCountry "USA"]
[SourceTitle "EXT 2024"]
[Source "ChessBase"]
[SourceDate "2023.10.10"]
[SourceVersion "1"]
[SourceVersionDate "2023.10.10"]
[SourceQuality "1"]

1. e4 c5 2. Nf3 g6 3. c3 Bg7 4. d4 cxd4 5. cxd4 d5 6. e5 Nc6 7. Bb5 Bg4 8. Bxc6+ bxc6 9. h3 Bxf3 10. Qxf3 f6 11. 0-0 fxe5 12. dxe5 Bxe5 13. Nc3 Bg7 14. g4 Nf6 15. g5 Nh5 16. Rd1 Rf8 17. Qg2 Nf4 18. Bxf4 Rxf4 19. Rac1 Rf5 20. Ne4 Qb6 21. Ng3 Rxg5 22. h4 Rg4 23. h5 gxh5 24. Qh3 Bd4 25. Rc2 0-0-0 26. Kh1 Rdg8 27. Nxh5 Kb7 28. Ng3 Bxf2 29. Nf5 Bc5 30. b4 Bxb4 31. Rb2 e6 32. Ne3 Rg3 0-1

[Event "Titled Tuesday intern op 28th Mar Early"]
[Site "Chess.com INT"]
[Date "2023.03.28"]
[Round "1"]
[White "Ballecer, Dino"]
[Black "Napoli, Nicolo"]
[Result "1-0"]
[WhiteElo "2392"]
[BlackElo "2231"]
[PlyCount "95"]
[EventDate "2023.03.28"]
[EventType "swiss (blitz)"]
[EventRounds "11"]
[EventCountry "USA"]
[SourceTitle "EXT 2024"]
[Source "ChessBase"]
[SourceDate "2023.10.10"]
[SourceVersion "1"]
[SourceVersionDate "2023.10.10"]
[SourceQuality "1"]

1. e4 c6 2. d4 d5 3. Nc3 dxe4 4. Nxe4 Bf5 5. Ng3 Bg6 6. h4 h6 7. Nf3 Nd7 8. Bd3 Bxd3 9. Qxd3 e6 10. Bd2 Qc7 11. 0-0-0 Ngf6 12. Ne4 0-0-0 13. Kb1 Kb8 14. c4 Nxe4 15. Qxe4 Nf6 16. Qe2 c5 17. Bc3 cxd4 18. Bxd4 Bd6 19. Rc1 Qe7 20. Qe3 a6 21. Rhd1 Ng4 22. Qe4 Nf6 23. Qe2 Rc8 24. Rc3 Rhd8 25. Rdc1 Nd7 26. Bxg7 f6 27. Bxh6 Qh7+ 28. Qd3 Qxh6 29. Qxd6+ Ka8 30. Qxe6 Nc5 31. Qf5 Rc7 32. g4 Na4 33. R3c2 Qf8 34. g5 Qb4 35. Qxf6 Rdc8 36. a3 Qb3 37. Nd4 Qh3 38. g6 Rxc4 39. Rxc4 Rxc4 40. Rxc4 Qd3+ 41. Rc2 Qd1+ 42. Ka2 Qf1 43. Qd8+ Ka7 44. Nc6+ bxc6 45. Qc7+ Ka8 46. Qxc6+ Ka7 47. Qd7+ Ka8 48. Rc8# 1-0

[Event "Titled Tuesday intern op 28th Mar Early"]
[Site "Chess.com INT"]
[Date "2023.03.28"]
[Round "11"]
[White "Ballecer, Dino"]
[Black "Samunenkov, Igor"]
[Result "0-1"]
[WhiteElo "2392"]
[BlackElo "2488"]
[PlyCount "116"]
[EventDate "2023.03.28"]
[EventType "swiss (blitz)"]
[EventRounds "11"]
[EventCountry "USA"]
[SourceTitle "EXT 2024"]
[Source "ChessBase"]
[SourceDate "2023.10.10"]
[SourceVersion "1"]
[SourceVersionDate "2023.10.10"]
[SourceQuality "1"]

1. e4 c5 2. Nf3 Nc6 3. Bb5 e6 4. Bxc6 bxc6 5. e5 f6 6. 0-0 Be7 7. d4 cxd4 8. Qxd4 fxe5 9. Nxe5 Nf6 10. Nc3 0-0 11. h3 Qc7 12. Re1 d6 13. Nd3 e5 14. Qh4 Bf5 15. Bg5 h6 16. Bxf6 Bxf6 17. Qc4+ Kh8 18. Nd5 Qf7 19. Ne3 Qxc4 20. Nxc4 Rfd8 21. Rad1 Rab8 22. b3 e4 23. g4 Bh7 24. Nf4 d5 25. Ne3 Re8 26. Ne2 Rbd8 27. c3 a5 28. Rd2 Rf8 29. Red1 Bh4 30. Nd4 Rf6 31. Ndf5 Bg5 32. c4 Bxf5 33. gxf5 Bxe3 34. fxe3 Rxf5 35. cxd5 cxd5 36. Rd4 Rg5+ 37. Kh2 Rf8 38. R1d2 Rff5 39. Rg2 Rh5 40. a3 Rf3 41. Rg3 Rf2+ 42. Rg2 Rf3 43. Rg3 Rf2+ 44. Rg2 Rf1 45. b4 axb4 46. axb4 Re1 47. Rg3 Re2+ 48. Kg1 Rf5 49. Rg2 Rxe3 50. Rb2 Rxh3 51. b5 Rg3+ 52. Kh2 Rg4 53. Kh3 Rg6 54. Kh4 Rf4+ 55. Kh3 Rf3+ 56. Kh2 Rf5 57. Rb3 Rh5+ 58. Rh3 Rhg5 0-1

[Event "Singapore Masters 5th"]
[Site "Singapore"]
[Date "2008.12.13"]
[Round "7"]
[White "Ballecer, Dino"]
[Black "Zhao, Jun"]
[Result "1/2-1/2"]
[WhiteElo "2410"]
[BlackElo "2568"]
[PlyCount "45"]
[EventDate "2008.12.10"]
[EventType "swiss"]
[EventRounds "9"]
[EventCountry "SIN"]
[SourceTitle "CBM 127 Extra"]
[Source "ChessBase"]
[SourceDate "2009.01.08"]
[SourceVersion "2"]
[SourceVersionDate "2009.01.28"]
[SourceQuality "1"]

1. e4 c5 2. Nf3 Nc6 3. d4 cxd4 4. Nxd4 Nf6 5. Nc3 e5 6. Ndb5 d6 7. Bg5 a6 8. Na3 b5 9. Bxf6 gxf6 10. Nd5 f5 11. exf5 Bxf5 12. c3 Bg7 13. Nc2 Be6 14. Nce3 Ne7 15. g3 Nxd5 16. Nxd5 0-0 17. Bg2 a5 18. 0-0 Rb8 19. a3 Qd7 20. Qh5 f5 21. Rad1 Qf7 22. Bf3 Qd7 23. Bg2 1/2-1/2

[Event "Singapore Masters 5th"]
[Site "Singapore"]
[Date "2008.12.10"]
[Round "2"]
[White "Paragua, Mark"]
[Black "Ballecer, Dino"]
[Result "1-0"]
[WhiteElo "2526"]
[BlackElo "2410"]
[PlyCount "51"]
[EventDate "2008.12.10"]
[EventType "swiss"]
[EventRounds "9"]
[EventCountry "SIN"]
[SourceTitle "CBM 127 Extra"]
[Source "ChessBase"]
[SourceDate "2009.01.08"]
[SourceVersion "2"]
[SourceVersionDate "2009.01.28"]
[SourceQuality "1"]

1. c4 Nf6 2. Nc3 c5 3. g3 g6 4. Bg2 Bg7 5. e4 Nc6 6. Nge2 0-0 7. d3 d6 8. 0-0 a6 9. h3 Rb8 10. f4 Nd4 11. Nxd4 cxd4 12. Ne2 Nd7 13. f5 e5 14. g4 g5 15. h4 h6 16. hxg5 hxg5 17. b4 b5 18. cxb5 Rxb5 19. Bd2 a5 20. a3 Ba6 21. Ng3 f6 22. Rc1 Rf7 23. Rf3 Bf8 24. Nh5 Rb8 25. Rh3 Rc8 26. Rxc8 1-0

[Event "Manila Pichay Cup 4th"]
[Site "Manila"]
[Date "2008.09.14"]
[Round "1"]
[White "Secopito, Catherine"]
[Black "Ballecer, Dino"]
[Result "0-1"]
[WhiteElo "2212"]
[BlackElo "2419"]
[PlyCount "64"]
[EventDate "2008.09.14"]
[EventType "swiss"]
[EventRounds "9"]
[EventCountry "PHI"]
[SourceTitle "CBM 126 Extra"]
[Source "ChessBase"]
[SourceDate "2008.11.05"]
[SourceVersion "1"]
[SourceVersionDate "2008.11.05"]
[SourceQuality "1"]

1. d4 d5 2. c4 c6 3. Nc3 Nf6 4. Nf3 a6 5. a4 e6 6. Bg5 h6 7. Bd2 c5 8. e3 Nc6 9. dxc5 Bxc5 10. Be2 0-0 11. 0-0 Qe7 12. Qb3 Re8 13. Rfd1 b6 14. cxd5 exd5 15. Be1 Na5 16. Qa2 Bb7 17. Nd4 Nc6 18. Rac1 Ne5 19. Nc2 Ng6 20. Bd3 Nh4 21. Nd4 Qe5 22. Nce2 Rac8 23. Qb1 Ne4 24. Ng3 f5 25. b4 Bxd4 26. exd4 Qf6 27. Bc2 Qg5 28. Qb3 Kh8 29. f3 Rc3 30. Bd2 f4 31. Qb2 Nxg3 32. Bxf4 Ne2+ 0-1

[Event "Manila PGMA Cup 3rd"]
[Site "Manila"]
[Date "2008.09.12"]
[Round "9"]
[White "Dimakiling, Oliver"]
[Black "Ballecer, Dino"]
[Result "1/2-1/2"]
[WhiteElo "2479"]
[BlackElo "2419"]
[PlyCount "118"]
[EventDate "2008.09.07"]
[EventType "swiss"]
[EventRounds "9"]
[EventCountry "PHI"]
[SourceTitle "CBM 126 Extra"]
[Source "ChessBase"]
[SourceDate "2008.11.05"]
[SourceVersion "1"]
[SourceVersionDate "2008.11.05"]
[SourceQuality "1"]

1. d4 d5 2. Nf3 c6 3. g3 g6 4. Bg2 Bg7 5. 0-0 Nf6 6. c4 0-0 7. Na3 a6 8. Bf4 b5 9. cxd5 cxd5 10. Rc1 Ne8 11. Qb3 Bb7 12. Ne5 Ra7 13. Qb4 e6 14. Nb1 g5 15. Be3 f6 16. Nd3 Nd6 17. a4 Bc6 18. axb5 Bxb5 19. Nc5 a5 20. Qb3 Bc4 21. Qc2 Qe7 22. Nc3 Na6 23. b3 Nb4 24. Qd2 Ba6 25. Ra1 Bb7 26. Bh3 Bc8 27. N3a4 h6 28. f4 f5 29. fxg5 hxg5 30. Bxg5 Qe8 31. Bf4 Ne4 32. Nxe4 dxe4 33. Nb6 Qh5 34. Bg2 Ba6 35. Nc4 Bxc4 36. bxc4 Rd8 37. Be3 Rad7 38. Rxa5 Nc6 39. d5 Nxa5 40. Qxa5 exd5 41. Bb6 Rb8 42. c5 Bd4+ 43. Kh1 Rh7 44. h4 Qg4 45. Qa3 Be5 46. Qb3 Kh8 47. Kg1 Bxg3 48. c6 Be5 49. Qxd5 Rg7 50. Rf2 Bg3 51. Rxf5 Bh2+ 52. Kf1 Qxg2+ 53. Ke1 Qg3+ 54. Kd1 Rxb6 55. Rh5+ Rh7 56. Qd8+ Qg8 57. Qd4+ Qg7 58. Qd8+ Qg8 59. Qf6+ Qg7 1/2-1/2

[Event "Manila Pichay Cup 3rd"]
[Site "Manila"]
[Date "2007.12.07"]
[Round "9"]
[White "Tirto"]
[Black "Ballecer, Dino"]
[Result "1-0"]
[WhiteElo "2418"]
[BlackElo "2374"]
[PlyCount "51"]
[EventDate "2007.12.01"]
[EventType "swiss"]
[EventRounds "9"]
[EventCountry "PHI"]
[SourceTitle "CBM 122 Extra"]
[Source "ChessBase"]
[SourceDate "2008.03.04"]
[SourceVersion "1"]
[SourceVersionDate "2008.03.04"]
[SourceQuality "1"]

1. d4 d5 2. c4 c6 3. cxd5 cxd5 4. Nf3 Nf6 5. Nc3 Nc6 6. Bf4 e6 7. e3 Be7 8. h3 0-0 9. Bd3 a6 10. 0-0 Re8 11. Rc1 Bf8 12. Bg5 h6 13. Bh4 Qa5 14. Bxf6 gxf6 15. Nh2 Qd8 16. f4 f5 17. Qh5 Bg7 18. g4 Ne7 19. Rc2 Ng6 20. Nf3 Bd7 21. Rg2 b5 22. gxf5 exf5 23. Ne5 Be6 24. Bxf5 b4 25. Bxg6 fxg6 26. Qxg6 1-0

[Event "Manila Pichay Cup 3rd"]
[Site "Manila"]
[Date "2007.12.05"]
[Round "7"]
[White "Sevillano, Voltaire"]
[Black "Ballecer, Dino"]
[Result "1/2-1/2"]
[WhiteElo "2250"]
[BlackElo "2374"]
[PlyCount "111"]
[EventDate "2007.12.01"]
[EventType "swiss"]
[EventRounds "9"]
[EventCountry "PHI"]
[SourceTitle "CBM 122 Extra"]
[Source "ChessBase"]
[SourceDate "2008.03.04"]
[SourceVersion "1"]
[SourceVersionDate "2008.03.04"]
[SourceQuality "1"]

1. e4 c5 2. f4 g6 3. Nf3 Bg7 4. Nc3 Nc6 5. Bb5 Nd4 6. Nxd4 cxd4 7. Ne2 Nh6 8. Bc4 0-0 9. 0-0 Kh8 10. d3 f5 11. Kh1 d6 12. c3 e5 13. cxd4 exd4 14. Ng1 Re8 15. b3 Be6 16. Bxe6 Rxe6 17. Nf3 Re7 18. Bb2 Qb6 19. Nd2 Rae8 20. Rc1 Qa6 21. Qf3 Qxa2 22. Rc2 Qa6 23. h3 fxe4 24. dxe4 d5 25. e5 Nf5 26. Ra1 Qb5 27. Ba3 Ne3 28. Bxe7 Nxc2 29. Rc1 d3 30. Bd6 Bf8 31. f5 Bxd6 32. exd6 Nd4 33. Qf2 Nxf5 34. g4 Qd7 35. gxf5 Qxd6 36. Qd4+ Qe5 37. Qxd3 gxf5 38. Rg1 Rg8 39. Nf3 Rxg1+ 40. Kxg1 Qg3+ 41. Kf1 Qxh3+ 42. Kf2 Qg4 43. Qxd5 Qe4 44. Qf7 h6 45. Qf6+ Kh7 46. Qf7+ Kh8 47. Qf6+ Kh7 48. Ne5 Qc2+ 49. Kg3 Qxb3+ 50. Kf4 Qb4+ 51. Kxf5 Qb1+ 52. Kg4 Qg1+ 53. Kh3 Qe3+ 54. Kh2 Qe2+ 55. Kg3 Qe1+ 56. Kg4 1/2-1/2

[Event "Manila Pichay Cup 3rd"]
[Site "Manila"]
[Date "2007.12.04"]
[Round "5"]
[White "Ballecer, Dino"]
[Black "Absin, Ernesto"]
[Result "1-0"]
[WhiteElo "2374"]
[BlackElo "2167"]
[PlyCount "105"]
[EventDate "2007.12.01"]
[EventType "swiss"]
[EventRounds "9"]
[EventCountry "PHI"]
[SourceTitle "CBM 122 Extra"]
[Source "ChessBase"]
[SourceDate "2008.03.04"]
[SourceVersion "1"]
[SourceVersionDate "2008.03.04"]
[SourceQuality "1"]

1. e4 g6 2. d4 Bg7 3. Nf3 d5 4. Nc3 dxe4 5. Nxe4 Nd7 6. Bc4 Ndf6 7. Neg5 Nd5 8. 0-0 Ngf6 9. Ne5 0-0 10. h3 c6 11. c3 Ne8 12. Ne4 Nd6 13. Nxd6 Qxd6 14. Re1 Be6 15. Bb3 c5 16. dxc5 Qxc5 17. Nd7 Bxd7 18. Qxd5 Qc8 19. Rxe7 Bc6 20. Qd3 Bf6 21. Re1 Qc7 22. Qc4 Rac8 23. Bh6 Rfe8 24. a4 Bg7 25. Bxg7 Kxg7 26. Qd4+ f6 27. Qxa7 Qf4 28. Qd4 Qg5 29. Qg4 Qd2 30. Be6 Rc7 31. Re2 Qd6 32. Re3 h5 33. Rd1 hxg4 34. Rxd6 gxh3 35. Rxh3 Bxa4 36. Rhd3 Rce7 37. Bd5 Bc2 38. Rd2 Bf5 39. f3 Bc8 40. Kf2 Re5 41. c4 f5 42. b4 Re3 43. b5 Rc3 44. Re2 Rxe2+ 45. Kxe2 f4 46. Kd2 Ra3 47. c5 Bf5 48. Bxb7 Ra2+ 49. Kc3 Rxg2 50. Bd5 g5 51. b6 Rc2+ 52. Kd4 Bc8 53. c6 1-0

[Event "PGMA Cup 2nd"]
[Site "Manila"]
[Date "2007.11.25"]
[Round "6"]
[White "Dimakiling, Oliver"]
[Black "Ballecer, Dino"]
[Result "1-0"]
[WhiteElo "2491"]
[BlackElo "2374"]
[PlyCount "73"]
[EventDate "2007.11.22"]
[EventType "swiss"]
[EventRounds "9"]
[EventCountry "PHI"]
[SourceTitle "EXT 2009"]
[Source "ChessBase"]
[SourceDate "2008.11.26"]
[SourceVersion "1"]
[SourceVersionDate "2008.11.26"]
[SourceQuality "1"]

1. d4 d5 2. Nf3 Nf6 3. c4 c6 4. Nc3 a6 5. Qb3 dxc4 6. Qxc4 b5 7. Qd3 e6 8. Bg5 Nbd7 9. e4 Qa5 10. e5 Nd5 11. Bd2 Nxc3 12. bxc3 h6 13. g3 Qc7 14. Bg2 Bb7 15. 0-0 Nb6 16. h4 c5 17. Qe2 c4 18. Rfb1 Bd5 19. Ne1 Bxg2 20. Nxg2 Qc6 21. h5 Rd8 22. Qg4 Rh7 23. a3 Be7 24. Re1 Na4 25. Ra2 a5 26. Ne3 Nb6 27. f4 g5 28. hxg6 Rg7 29. gxf7+ Kxf7 30. Qh5+ Kg8 31. Kf2 Rf8 32. Ng4 Rxg4 33. Qxg4+ Kh7 34. Raa1 Rg8 35. Qf3 Qd7 36. Rh1 Rg6 37. g4 1-0